[Event "Ruhrgebiet Verbandsklasse Gruppe 1 1617"]
[Site "Germany"]
[Date "2016.10.30"]
[Round "3.3"]
[White "Iwannek, Ralf"]
[Black "Ratzmann, Stefan"]
[Result "0-1"]
[WhiteElo "1770"]
[BlackElo "1895"]
[PlyCount "59"]
[EventDate "2016.09.04"]
[EventType "team-tourn"]
[EventRounds "9"]
[EventCountry "GER"]
[SourceTitle "EXT 2022"]
[Source "ChessBase"]
[SourceDate "2021.10.06"]
[SourceVersion "1"]
[SourceVersionDate "2021.10.06"]
[SourceQuality "1"]
[WhiteTeam "Huckarde Westerfilde"]
[BlackTeam "Oberhausen SV III"]
[WhiteTeamCountry "GER"]
[BlackTeamCountry "GER"]

1. e4 c6 2. d4 d5 3. exd5 cxd5 4. Nf3 Nc6 5. c3 Qc7 6. Qb3 Bg4 7. Nbd2 e6 8. Bb5 Bd6 9. 0-0 Nf6 10. h3 Bh5 11. Re1 0-0 12. Bxc6 bxc6 13. Ne5 c5 14. g4 Bg6 15. Ndf3 Ne4 16. Bf4 Rab8 17. Qa3 c4 18. Nxg6 hxg6 19. Bxd6 Nxd6 20. Rab1 Ne4 21. Qa4 Qf4 22. Kg2 f5 23. g5 Rf7 24. h4 Qg4+ 25. Kh2 Qxf3 26. Qc2 Qg4 27. Re3 Qxh4+ 28. Rh3 Qxf2+ 29. Qxf2 Nxf2 30. Kg3 0-1

[Event "Dortmund op"]
[Site "Dortmund"]
[Date "2006.03.14"]
[Round "5.5"]
[White "Naundorf, Maik"]
[Black "Iwannek, Ralf"]
[Result "1/2-1/2"]
[WhiteElo "2061"]
[BlackElo "1808"]
[PlyCount "110"]
[EventDate "2006.03.06"]
[EventType "swiss"]
[EventRounds "9"]
[EventCountry "GER"]
[SourceTitle "CBM 111 Extra"]
[Source "ChessBase"]
[SourceDate "2006.05.09"]
[SourceVersion "1"]
[SourceVersionDate "2006.05.09"]
[SourceQuality "1"]

1. Nf3 Nc6 2. d4 d5 3. c4 e6 4. Nc3 Bb4 5. Bf4 Nge7 6. e3 Ng6 7. Bg3 0-0 8. Rc1 Nce7 9. a3 Bxc3+ 10. Rxc3 c6 11. Bd3 Re8 12. 0-0 Kh8 13. h3 f5 14. c5 Ng8 15. h4 Nh6 16. h5 Ne7 17. Ne5 Neg8 18. f4 Rf8 19. b4 Nf7 20. Qe1 Qe8 21. Qd1 Nf6 22. Bh4 Nxe5 23. fxe5 Ng4 24. Be2 Qxh5 25. Bg3 Bd7 26. Rf4 g5 27. Bxg4 fxg4 28. Rf6 Rxf6 29. exf6 Kg8 30. Bd6 Kf7 31. Be5 Qg6 32. Qxg4 h5 33. Qe2 h4 34. e4 Qxe4 35. Qxe4 dxe4 36. Kf2 a5 37. bxa5 Rxa5 38. Rb3 Rb5 39. Rb4 Rxb4 40. axb4 Kg6 41. Ke3 Be8 42. Kxe4 Bf7 43. Bc7 Kxf6 44. Bd8+ Kg6 45. Ke5 Bg8 46. Kd6 Kf5 47. Kc7 e5 48. dxe5 Kxe5 49. Bxg5 Bd5 50. Bxh4 Bxg2 51. Kxb7 Ke6 52. Kb6 Kd7 53. b5 cxb5 54. Kxb5 Bd5 55. c6+ Bxc6+ 1/2-1/2

[Event "Dortmund-ch"]
[Site "Dortmund"]
[Date "2005.03.10"]
[Round "6"]
[White "Iwannek, Ralf"]
[Black "Riemann, Kai"]
[Result "1/2-1/2"]
[WhiteElo "1718"]
[BlackElo "1593"]
[PlyCount "20"]
[EventDate "2005.02.28"]
[EventType "swiss"]
[EventRounds "9"]
[EventCountry "GER"]
[SourceTitle "CBM 105 Extra"]
[Source "ChessBase"]
[SourceDate "2005.05.01"]
[SourceVersion "1"]
[SourceVersionDate "2005.05.01"]
[SourceQuality "1"]

1. e4 e5 2. Nf3 Nc6 3. d4 d6 4. dxe5 Nxe5 5. Nxe5 dxe5 6. Qxd8+ Kxd8 7. Be3 Nf6 8. f3 Bb4+ 9. Bd2 Bxd2+ 10. Nxd2 Be6 1/2-1/2

[Event "Dortmund-ch"]
[Site "Dortmund"]
[Date "2005.03.08"]
[Round "5"]
[White "Szyszka, Arkadiusz"]
[Black "Iwannek, Ralf"]
[Result "1-0"]
[WhiteElo "1865"]
[BlackElo "1718"]
[PlyCount "153"]
[EventDate "2005.02.28"]
[EventType "swiss"]
[EventRounds "9"]
[EventCountry "GER"]
[SourceTitle "CBM 105 Extra"]
[Source "ChessBase"]
[SourceDate "2005.05.01"]
[SourceVersion "1"]
[SourceVersionDate "2005.05.01"]
[SourceQuality "1"]

1. d4 d5 2. Nf3 Nf6 3. c4 e6 4. Nc3 dxc4 5. Qa4+ Qd7 6. Qxc4 Nc6 7. e3 Bb4 8. a3 Bxc3+ 9. Qxc3 a6 10. Bd3 Nd5 11. Qc2 h6 12. 0-0 0-0 13. h3 Re8 14. e4 Nf6 15. Be3 Rd8 16. Rac1 Qe7 17. Rfe1 Rd7 18. d5 Nd8 19. Bc5 Qe8 20. Ne5 c6 21. Nxd7 Bxd7 22. d6 e5 23. Bc4 b5 24. Ba2 Nb7 25. b4 Be6 26. Bb3 Qd7 27. Bxe6 Qxe6 28. a4 Rc8 29. axb5 cxb5 30. Qd3 Nd7 31. Qd5 Qxd5 32. exd5 f6 33. f4 Kf7 34. fxe5 Nxe5 35. Bb6 Nxd6 36. Rxc8 Nxc8 37. Bc7 Nc4 38. Re6 Ne7 39. Rxa6 Nxd5 40. Ba5 Kg6 41. Ra7 h5 42. Kf2 Kh6 43. Rb7 Nc3 44. Kf3 g5 45. Bd8 Kg6 46. Be7 h4 47. Bc5 Kf5 48. Bd4 Ne5+ 49. Kf2 Ne4+ 50. Kg1 Nd6 51. Rb6 Ke6 52. Bc5 Nec4 53. Ra6 Kd5 54. Bxd6 Nxd6 55. Kf2 f5 56. Kf3 Ne4 57. Ra8 Kc4 58. Rf8 Ng3 59. Rg8 Ne4 60. Rf8 Ng3 61. Ke3 Kxb4 62. Kd2 Kb3 63. Rb8 b4 64. Kd3 Ne4 65. Rb5 Ng3 66. Ra5 Kb2 67. Kc4 b3 68. Rb5 Kc2 69. Rxb3 Kd2 70. Kd4 Ke2 71. Rb2+ Kf1 72. Ke5 Kg1 73. Kf6 g4 74. Kg5 gxh3 75. gxh3 Ne4+ 76. Kxf5 Nf2 77. Rxf2 1-0

[Event "Dortmund-ch"]
[Site "Dortmund"]
[Date "2005.03.01"]
[Round "2"]
[White "Iwannek, Ralf"]
[Black "Hein, Erwin"]
[Result "0-1"]
[WhiteElo "1718"]
[BlackElo "1966"]
[PlyCount "142"]
[EventDate "2005.02.28"]
[EventType "swiss"]
[EventRounds "9"]
[EventCountry "GER"]
[SourceTitle "CBM 105 Extra"]
[Source "ChessBase"]
[SourceDate "2005.05.01"]
[SourceVersion "1"]
[SourceVersionDate "2005.05.01"]
[SourceQuality "1"]

1. e4 c5 2. Nf3 Nc6 3. d4 cxd4 4. Nxd4 g6 5. c3 Bg7 6. Be3 Nf6 7. f3 0-0 8. Be2 d5 9. Nxc6 bxc6 10. exd5 cxd5 11. 0-0 Qc7 12. Na3 a6 13. Nc2 Bb7 14. Qd2 Rfe8 15. Qd4 Nd7 16. Qd2 Nb6 17. Kh1 Nc4 18. Bxc4 Qxc4 19. Na3 Qc6 20. Rad1 Rad8 21. Rfe1 e5 22. Nc2 a5 23. Qf2 f5 24. Bb6 Ra8 25. Qc5 Rec8 26. Qxc6 Rxc6 27. Bf2 d4 28. Nxd4 exd4 29. Bxd4 Bxd4 30. Rxd4 Rc7 31. Re5 a4 32. a3 Kf8 33. Kg1 Re7 34. Rb5 Bc6 35. Rb6 Be8 36. Rbb4 Ra6 37. Kf2 Rae6 38. Rd2 Re1 39. g3 Rc1 40. Rb8 Kg7 41. Rb4 Rh1 42. Kg2 Rhe1 43. Kf2 R1e3 44. Rb6 g5 45. Rb7 Rxf3+ 46. Kxf3 Bc6+ 47. Kf2 Bxb7 48. Rd6 Be4 49. Rd4 Bc2 50. Rd2 Bb3 51. Rd6 Re6 52. Rd7+ Kg6 53. Rd8 h6 54. Rd2 Bc4 55. Rd4 Bb3 56. Rd2 h5 57. Rd8 f4 58. gxf4 gxf4 59. Kf3 Rf6 60. h4 Kf5 61. Rd4 Ke5 62. Re4+ Kd5 63. Rd4+ Kc5 64. Kf2 f3 65. Rd2 Bd5 66. Rd4 Bc6 67. Rb4 Re6 68. b3 Re2+ 69. Kf1 axb3 70. Rxb3 Rh2 71. Rb4 Bb5+ 0-1

[Event "Dortmund ABC Serie B-21"]
[Site "Dortmund"]
[Date "2004.05.28"]
[Round "8"]
[White "Duschek, Guenter"]
[Black "Iwannek, Ralf"]
[Result "1-0"]
[WhiteElo "1675"]
[BlackElo "1771"]
[PlyCount "87"]
[EventDate "2004.04.??"]
[EventType "tourn"]
[EventRounds "12"]
[EventCountry "GER"]
[SourceTitle "EXT 2006"]
[Source "ChessBase"]
[SourceDate "2005.11.24"]
[SourceVersion "1"]
[SourceVersionDate "2005.11.24"]
[SourceQuality "1"]

1. d4 d5 2. Nf3 Nc6 3. Bf4 e6 4. e3 Bd6 5. Bg3 Bxg3 6. hxg3 a6 7. a4 Qe7 8. c3 Nf6 9. Nbd2 e5 10. Nxe5 Nxe5 11. dxe5 Qxe5 12. Nf3 Qe7 13. Bd3 Ne4 14. Bc2 c6 15. Qd4 f6 16. Nh4 Qe5 17. Qxe5+ fxe5 18. Ng6 Rg8 19. Nxe5 h6 20. Bxe4 dxe4 21. Nc4 Ke7 22. Nb6 Rb8 23. Nxc8+ Rbxc8 24. Rh4 Rc7 25. Rxe4+ Kd8 26. Rd1+ Kc8 27. Red4 Rf8 28. f3 Re7 29. e4 Kc7 30. Ke2 Rff7 31. Ke3 Rf6 32. g4 Rg6 33. Rh1 Rge6 34. g3 g5 35. b4 Kb6 36. a5+ Kb5 37. Rb1 Ka4 38. f4 Kb5 39. e5 c5 40. Rd5 Rc6 41. Kd3 Ka4 42. bxc5 Kxa5 43. Kc4 b5+ 44. Kb3 1-0

[Event "Dortmund-ch"]
[Site "Dortmund"]
[Date "2004.03.05"]
[Round "3"]
[White "Schultz, Bernfried"]
[Black "Iwannek, Ralf"]
[Result "1/2-1/2"]
[WhiteElo "1611"]
[BlackElo "1771"]
[PlyCount "126"]
[EventDate "2004.03.01"]
[EventType "swiss"]
[EventRounds "9"]
[EventCountry "GER"]
[SourceTitle "EXT 2006"]
[Source "ChessBase"]
[SourceDate "2005.11.24"]
[SourceVersion "1"]
[SourceVersionDate "2005.11.24"]
[SourceQuality "1"]

1. e4 e6 2. d4 d5 3. Nc3 dxe4 4. Nxe4 Nf6 5. Bg5 Be7 6. Nxf6+ Bxf6 7. Bxf6 Qxf6 8. Nf3 0-0 9. Be2 Rd8 10. 0-0 c5 11. c3 cxd4 12. cxd4 Nc6 13. Qc2 Nxd4 14. Nxd4 Rxd4 15. Rac1 Bd7 16. Bf3 Rc8 17. Qb3 b6 18. Rxc8+ Bxc8 19. Rc1 Qd8 20. Qc3 Bb7 21. h3 Rd3 22. Qc4 Rd4 23. Qc3 Rd7 24. Bxb7 Rxb7 25. Qc8 Rd7 26. Rc7 Rd1+ 27. Kh2 a5 28. Qb7 Qf8 29. Qxb6 g6 30. Qxa5 Qb8 31. g3 Qxb2 32. Rc8+ Kg7 33. Qc5 Rd2 34. Qf8+ Kf6 35. Qh8+ Kf5 36. Rc5+ Ke4 37. Rc4+ Kd5 38. Qxb2 Rxb2 39. Rf4 f5 40. Kg2 Rxa2 41. Rb4 Ra6 42. g4 e5 43. Rb7 h5 44. gxf5 gxf5 45. Rh7 Rg6+ 46. Kf3 e4+ 47. Ke3 Ke5 48. Rxh5 Ra6 49. f4+ exf3 50. Kxf3 Ra3+ 51. Kf2 Ke4 52. Rh8 Ra2+ 53. Kg1 Kf4 54. Rg8 Kf3 55. h4 f4 56. h5 Ra1+ 57. Kh2 Ra5 58. Rh8 Kf2 59. Kh3 Rg5 60. h6 f3 61. Kh4 Rg2 62. h7 Rh2+ 63. Kg5 Kg2 1/2-1/2

[Event "Dortmund8"]
[Site "Dortmund"]
[Date "2003.10.31"]
[Round "7"]
[White "Iwannek, Ralf"]
[Black "Lang, Daniel"]
[Result "0-1"]
[WhiteElo "1773"]
[BlackElo "1742"]
[PlyCount "128"]
[EventDate "2003.10.08"]
[EventType "tourn"]
[EventRounds "13"]
[EventCountry "GER"]
[SourceTitle "EXT 2007"]
[Source "ChessBase"]
[SourceDate "2006.11.23"]
[SourceVersion "1"]
[SourceVersionDate "2006.11.23"]
[SourceQuality "1"]

1. e4 c5 2. Nf3 d6 3. d4 cxd4 4. Nxd4 Nf6 5. Nc3 g6 6. Be2 Bg7 7. Be3 0-0 8. 0-0 Nc6 9. h3 Re8 10. Bb5 Bd7 11. Nxc6 bxc6 12. Bc4 Qc7 13. Bf4 a5 14. Qf3 Qb7 15. Rab1 Qb4 16. Bd3 Be6 17. a3 Qb6 18. Be3 Qc7 19. b3 Nd7 20. Na4 Ne5 21. Qe2 Nxd3 22. Qxd3 Rab8 23. Bd4 Bxd4 24. Qxd4 Rb7 25. f4 f5 26. e5 Bd5 27. Nc3 dxe5 28. fxe5 Rd8 29. Rfd1 c5 30. Qd2 e6 31. Qf4 Qc6 32. Qa4 Qb6 33. Nxd5 exd5 34. Qh4 d4 35. c3 Rbd7 36. cxd4 cxd4 37. Rd3 Qe6 38. Qf4 Re8 39. Rbd1 Red8 40. Kh2 Qb6 41. Qh4 Qc5 42. R1d2 Qxe5+ 43. Qg3 Qxg3+ 44. Kxg3 Kf7 45. Rc2 Kf6 46. Rc6+ Rd6 47. Rc5 Rd5 48. Rc6+ R8d6 49. Rc7 Rd7 50. Rc8 g5 51. b4 axb4 52. axb4 Re7 53. Kf3 f4 54. Rc6+ Kf5 55. g4+ fxg3 56. Kxg3 Ke4 57. Rd1 Rb7 58. Kg4 d3 59. Re1+ Kd4 60. Kf3 Rf7+ 61. Kg3 d2 62. Rd1 Kd3 63. Ra6 Ke2 64. Raa1 Rf4 0-1

[Event "Dortmund8"]
[Site "Dortmund"]
[Date "2003.10.22"]
[Round "5"]
[White "Iwannek, Ralf"]
[Black "Volmer, Martin"]
[Result "0-1"]
[WhiteElo "1773"]
[BlackElo "1732"]
[PlyCount "50"]
[EventDate "2003.10.08"]
[EventType "tourn"]
[EventRounds "13"]
[EventCountry "GER"]
[SourceTitle "EXT 2007"]
[Source "ChessBase"]
[SourceDate "2006.11.23"]
[SourceVersion "1"]
[SourceVersionDate "2006.11.23"]
[SourceQuality "1"]

1. e4 e6 2. d4 d5 3. exd5 exd5 4. Bd3 c5 5. Qe2+ Be7 6. dxc5 Nc6 7. c3 a5 8. Bg5 Be6 9. Bxe7 Qxe7 10. Nf3 Nf6 11. 0-0 0-0 12. Nd4 Rfe8 13. Nxc6 bxc6 14. b4 Qc7 15. f3 axb4 16. cxb4 d4 17. a3 Nd5 18. Qe4 f5 19. Qxd4 Rad8 20. Qf2 Nf4 21. Bc2 Qe5 22. Nd2 Qc3 23. Nb3 Bc4 24. Bd1 Bxf1 25. Qxf1 Re1 0-1

[Event "Dortmund8"]
[Site "Dortmund"]
[Date "2003.10.15"]
[Round "4"]
[White "Duschek, Guenter"]
[Black "Iwannek, Ralf"]
[Result "1-0"]
[WhiteElo "1679"]
[BlackElo "1773"]
[PlyCount "71"]
[EventDate "2003.10.08"]
[EventType "tourn"]
[EventRounds "13"]
[EventCountry "GER"]
[SourceTitle "EXT 2007"]
[Source "ChessBase"]
[SourceDate "2006.11.23"]
[SourceVersion "1"]
[SourceVersionDate "2006.11.23"]
[SourceQuality "1"]

1. d4 d5 2. Bf4 e6 3. Nf3 Bd6 4. Bg3 Nc6 5. e3 Qe7 6. c3 Nf6 7. Bb5 Bd7 8. Nbd2 a6 9. Bxc6 Bxc6 10. 0-0 Nd7 11. a4 0-0 12. Re1 Bxg3 13. hxg3 b5 14. axb5 axb5 15. Qc2 Rxa1 16. Rxa1 Ra8 17. Rxa8+ Bxa8 18. b4 Nb6 19. Nb3 Na4 20. Nc5 Nxc5 21. dxc5 Qe8 22. Qa2 c6 23. Qa7 f6 24. Nd4 e5 25. Nf5 Qf8 26. Nxg7 Qc8 27. Nh5 Qb7 28. Nxf6+ Kg7 29. Ne8+ Kf8 30. Qxb7 Bxb7 31. Nd6 Ba6 32. f4 Ke7 33. Kf2 Ke6 34. g4 d4 35. f5+ Kf6 36. cxd4 1-0

[Event "Dortmund ABC Besserkoenner 18th"]
[Site "Dortmund"]
[Date "2002.11.15"]
[Round "8"]
[White "Iwannek, Ralf"]
[Black "Krueger, Georg"]
[Result "0-1"]
[WhiteElo "1750"]
[BlackElo "1683"]
[PlyCount "80"]
[EventDate "2002.10.11"]
[EventType "tourn"]
[EventRounds "11"]
[EventCountry "GER"]
[SourceTitle "EXT 2004"]
[Source "ChessBase"]
[SourceDate "2003.11.25"]
[SourceVersion "1"]
[SourceVersionDate "2003.11.25"]
[SourceQuality "1"]

1. e4 c5 2. Nf3 Nc6 3. d4 cxd4 4. Nxd4 Nf6 5. Nc3 d6 6. Bb5 Qc7 7. Nd5 Qd7 8. Nxf6+ gxf6 9. c3 Qc7 10. Qh5 e6 11. Bh6 Bd7 12. 0-0 a6 13. Bxf8 Kxf8 14. Ba4 Ke7 15. Bb3 Rag8 16. Nxc6+ Bxc6 17. Qe2 Rg6 18. f3 Rhg8 19. Rf2 Qb6 20. Kh1 Qc7 21. Qe3 Rg5 22. g4 h5 23. h4 Re5 24. Bc2 hxg4 25. Rg1 Rh5 26. Rh2 Rgh8 27. Rxg4 b5 28. Qf2 Qb7 29. Qg3 f5 30. Rf4 e5 31. Rxf5 Rxf5 32. exf5 Bxf3+ 33. Kg1 Kf8 34. f6 Rg8 35. Qxg8+ Kxg8 36. Rh3 Qb6+ 37. Kf1 Qe3 38. Rg3+ Kh8 39. Bb3 Qe2+ 40. Kg1 Qe1+ 0-1

[Event "Dortmund ABC Besserkoenner 18th"]
[Site "Dortmund"]
[Date "2002.11.09"]
[Round "7"]
[White "Iwannek, Ralf"]
[Black "Koch, Daniel"]
[Result "0-1"]
[WhiteElo "1750"]
[BlackElo "1593"]
[PlyCount "64"]
[EventDate "2002.10.11"]
[EventType "tourn"]
[EventRounds "11"]
[EventCountry "GER"]
[SourceTitle "EXT 2004"]
[Source "ChessBase"]
[SourceDate "2003.11.25"]
[SourceVersion "1"]
[SourceVersionDate "2003.11.25"]
[SourceQuality "1"]

1. e4 d6 2. d4 f5 3. exf5 Bxf5 4. Bd3 Bxd3 5. Qxd3 Nf6 6. Qb5+ Nbd7 7. Qxb7 g6 8. Nc3 Bg7 9. Nge2 0-0 10. 0-0 Nb6 11. Qa6 Qd7 12. Qd3 Rf7 13. h3 Raf8 14. Ng3 Qc6 15. Be3 e5 16. dxe5 dxe5 17. Nge4 Nxe4 18. Qxe4 Qxe4 19. Nxe4 Nc4 20. Bc5 Re8 21. b3 Nb6 22. Rad1 h5 23. c4 Bh6 24. Be3 Bxe3 25. fxe3 Rxf1+ 26. Kxf1 Kg7 27. Nc3 a5 28. c5 Nc8 29. Rd7+ Re7 30. c6 Rf7+ 31. Ke2 Nb6 32. Nb5 Nxd7 0-1

[Event "Dortmund ABC Besserkoenner 18th"]
[Site "Dortmund"]
[Date "2002.10.11"]
[Round "1"]
[White "Iwannek, Ralf"]
[Black "Benke, Werner"]
[Result "1-0"]
[WhiteElo "1750"]
[BlackElo "1620"]
[PlyCount "67"]
[EventDate "2002.10.11"]
[EventType "tourn"]
[EventRounds "11"]
[EventCountry "GER"]
[SourceTitle "EXT 2004"]
[Source "ChessBase"]
[SourceDate "2003.11.25"]
[SourceVersion "1"]
[SourceVersionDate "2003.11.25"]
[SourceQuality "1"]

1. e4 e5 2. Nf3 Nc6 3. d4 exd4 4. Nxd4 Nxd4 5. Qxd4 d6 6. Be2 Nf6 7. Bg5 Be7 8. Nc3 0-0 9. 0-0 Re8 10. Rfe1 c6 11. Bf4 Be6 12. Rad1 d5 13. exd5 Nxd5 14. Nxd5 Bxd5 15. c4 Be6 16. Qxd8 Bxd8 17. b3 Ba5 18. Bd2 Bc7 19. Bc3 Rad8 20. h3 h6 21. Bd3 Rd7 22. Rxe6 Rxe6 23. Bh7+ Kxh7 24. Rxd7 Be5 25. Bxe5 Rxe5 26. Kf1 Ra5 27. a4 b5 28. cxb5 cxb5 29. Rd5 a6 30. Ke2 Kg6 31. Kd3 Kf6 32. Kc3 Ke6 33. Rc5 Kd6 34. Kb4 1-0

[Event "Dortmund3"]
[Site "Dortmund"]
[Date "2001.06.13"]
[Round "10"]
[White "Iwannek, Ralf"]
[Black "Haupt, Rainer"]
[Result "1/2-1/2"]
[WhiteElo "1758"]
[BlackElo "1730"]
[PlyCount "66"]
[EventDate "2001.04.27"]
[EventType "tourn"]
[EventRounds "11"]
[EventCountry "GER"]
[SourceTitle "EXT 2007"]
[Source "ChessBase"]
[SourceDate "2006.11.23"]
[SourceVersion "1"]
[SourceVersionDate "2006.11.23"]
[SourceQuality "1"]

1. e4 e5 2. Nf3 d5 3. exd5 e4 4. Ng1 Nf6 5. Nc3 Bc5 6. h3 0-0 7. Nge2 Nbd7 8. b3 Nb6 9. Bb2 Nbxd5 10. Nxd5 Qxd5 11. Ng3 Bf5 12. Bc4 Qd7 13. Bxf6 gxf6 14. Nxf5 Qxf5 15. Qg4+ Qg6 16. Qxg6+ hxg6 17. Ke2 a6 18. Bd5 c6 19. Bxe4 Rfe8 20. Kf3 Bxf2 21. Bxg6 Bd4 22. c3 fxg6 23. cxd4 Rad8 24. Rhe1 Rxe1 25. Rxe1 Rxd4 26. Re7 Rxd2 27. Rxb7 Rxa2 28. Rb6 c5 29. Rxf6 Kg7 30. Rc6 Ra3 31. Rxc5 Rxb3+ 32. Kg4 Rb4+ 33. Kg3 Rb5 1/2-1/2

[Event "Dortmund3"]
[Site "Dortmund"]
[Date "2001.04.27"]
[Round "1"]
[White "Benke, Werner"]
[Black "Iwannek, Ralf"]
[Result "0-1"]
[WhiteElo "1624"]
[BlackElo "1758"]
[PlyCount "116"]
[EventDate "2001.04.27"]
[EventType "tourn"]
[EventRounds "11"]
[EventCountry "GER"]
[SourceTitle "EXT 2007"]
[Source "ChessBase"]
[SourceDate "2006.11.23"]
[SourceVersion "1"]
[SourceVersionDate "2006.11.23"]
[SourceQuality "1"]

1. e4 e6 2. d4 d5 3. exd5 exd5 4. Nf3 Bg4 5. Be2 Nf6 6. 0-0 Be7 7. Bg5 0-0 8. Nbd2 Nc6 9. c3 a6 10. a3 Re8 11. Re1 Ne4 12. Bxe7 Qxe7 13. h3 Bh5 14. Qc2 Nxd2 15. Qxd2 Qf6 16. Nh2 Rxe2 17. Rxe2 Bxe2 18. Qxe2 Qe7 19. Re1 Re8 20. Kf1 Kf8 21. Nf3 Qxe2+ 22. Rxe2 f6 23. Rxe8+ Kxe8 24. Ke2 Kd7 25. Nd2 Kd6 26. Ke3 b6 27. g3 Ne7 28. g4 c5 29. b3 Nc6 30. f3 g5 31. Kd3 Ne7 32. c4 Ng6 33. dxc5+ Kxc5 34. cxd5 Kxd5 35. Ne4 Ke5 36. Ke3 Nf4 37. Nf2 h6 38. Kd2 Nd5 39. Nd3+ Kd4 40. Nf2 Nc3 41. Nh1 Nb1+ 42. Ke2 Nxa3 43. Ng3 Ke5 44. Nf5 h5 45. Ne3 h4 46. Kd3 b5 47. Kc3 a5 48. Kd3 Kf4 49. Nd5+ Kxf3 50. Nxf6 Kg3 51. Nh7 Kxh3 52. Nxg5+ Kxg4 53. Ne4 h3 54. Ke2 h2 55. Nf2+ Kg3 56. Kf1 Nb1 57. Nh1+ Kf3 58. Ke1 Nd2 0-1

[Event "IECG Q1.1998.0.00052"]
[Site "IECG email"]
[Date "1998.??.??"]
[Round "?"]
[White "Diaz, Ernesto"]
[Black "Iwannek, Ralf"]
[Result "0-1"]
[WhiteElo "1654"]
[BlackElo "1922"]
[PlyCount "48"]
[EventDate "1998.09.30"]
[EventType "tourn (corr)"]
[EventRounds "6"]
[SourceTitle "Corr 2008"]
[Source "ChessBase"]
[SourceDate "2008.06.24"]
[SourceVersion "1"]
[SourceVersionDate "2008.06.24"]
[SourceQuality "1"]

1. e4 c5 2. Nf3 Nc6 3. d4 cxd4 4. Nxd4 Nf6 5. Nc3 d6 6. Bc4 e6 7. Bb3 Be7 8. 0-0 0-0 9. Kh1 Nxd4 10. Qxd4 b6 11. f4 Nd7 12. Rf3 Nc5 13. Bd2 Bf6 14. Qe3 Bb7 15. Rg3 Rc8 16. Rd1 b5 17. e5 Bh4 18. Rh3 b4 19. Nb5 dxe5 20. Nd6 Qxd6 21. Rxh4 Nxb3 22. Qxb3 Rfd8 23. fxe5 Qxe5 24. Qh3 Rxd2 0-1

[Event "IECG Q1.1998.0.00052"]
[Site "IECG email"]
[Date "1998.??.??"]
[Round "?"]
[White "Iwannek, Ralf"]
[Black "Bird, Christopher"]
[Result "1-0"]
[WhiteElo "1922"]
[BlackElo "1888"]
[PlyCount "107"]
[EventDate "1998.09.30"]
[EventType "tourn (corr)"]
[EventRounds "6"]
[SourceTitle "Corr 2008"]
[Source "ChessBase"]
[SourceDate "2008.06.24"]
[SourceVersion "1"]
[SourceVersionDate "2008.06.24"]
[SourceQuality "1"]

1. Nf3 Nf6 2. c4 b6 3. Nc3 e6 4. d4 Bb7 5. Bg5 h6 6. Bh4 Be7 7. e3 Ne4 8. Bg3 0-0 9. Nxe4 Bxe4 10. Bd3 Bxd3 11. Qxd3 d6 12. 0-0 Nd7 13. b3 f5 14. Qc2 c5 15. Rfd1 a6 16. Rac1 Nf6 17. d5 Nh5 18. dxe6 Nxg3 19. hxg3 Qc8 20. Qd2 Qxe6 21. Qd5 Qxd5 22. Rxd5 g6 23. Ne1 Kf7 24. Nd3 b5 25. b4 cxb4 26. cxb5 Rfb8 27. Rc7 Rxb5 28. Rxd6 a5 29. Rdd7 Re8 30. Nf4 Re5 31. Rb7 g5 32. Nd3 Re4 33. Ra7 Rc8 34. Rxa5 Ke6 35. Rb7 Rc6 36. Rbb5 Bd6 37. Rxf5 Rc2 38. Rfb5 Rd2 39. Nc5+ Bxc5 40. Rxc5 Rd1+ 41. Kh2 Rd2 42. Ra6+ Kd7 43. Rf5 Re6 44. Ra7+ Kc6 45. g4 Kb6 46. Ra4 Rb2 47. Rfa5 Rc6 48. Ra6+ Kc7 49. Kg3 Rcc2 50. Rf6 Rxa2 51. Rxb4 Rc6 52. Rxc6+ Kxc6 53. f3 Kc5 54. Rb1 1-0